| 000 | 00971cam a2200325 i 4500 | ||
|---|---|---|---|
| 001 | 20469 | ||
| 003 | CO-MdFUSB | ||
| 005 | 20220701160904.0 | ||
| 008 | 160830b xxu||||| |||| 00| 0 eng d | ||
| 020 | _a978-0-8010-2692-8 | ||
| 040 |
_aCO-MdFUSB _bEspañol _cCO-MdFUSB _dCO-MdFUSB _erda |
||
| 041 | _aeng | ||
| 082 |
_224 _a223.707 _bL85b |
||
| 100 | 1 |
_aLongman III, Tremper _dautor |
|
| 245 | 1 | 0 |
_aProverbs _c/ Tremper Longman III |
| 264 |
_aGrand Rapids, Michigan : _bBaker Academic, _c2006 |
||
| 300 |
_a608 páginas _c; |
||
| 336 | _2rdacontent | ||
| 337 | _2rdamedia | ||
| 338 | _2rdacarrier | ||
| 490 | _aBaker Commentary on the Old Testament | ||
| 500 | _aIncluye índices (p. 594-608) | ||
| 501 | _aPasta dura | ||
| 505 | _aComentario sobre el libro de Proverbios | ||
| 630 | 0 | 7 |
_aBiblia. _pAntiguo Testamento |
| 630 | 7 |
_aBiblia. _pProverbios _xCrítica, interpretación, etc. |
|
| 942 | _cREF | ||
| 945 | _aJTF-925 | ||
| 999 |
_c46820 _d46820 |
||